La educación del niño pequeño (Record no. 2669)

MARC details
000 -LEADER
campo de control de longitud fija 01123nam a2200385 a 4500
003 - IDENTIFICADOR DE NÚMERO DE CONTROL
campo de control AR-BaBNM
005 - FECHA Y HORA DE LA ÚLTIMA TRANSACCIÓN
campo de control 20251128203256.0
008 - DATOS DE LONGITUD FIJA--INFORMACIÓN GENERAL
campo de control de longitud fija 082120s2002 ||||||||||||||000 | spa||
040 ## - FUENTE DE CATALOGACIÓN
Centro/agencia transcriptor AR-BaBNM
245 00 - MENCIÓN DEL TÍTULO
Título La educación del niño pequeño
260 ## - PUBLICACIÓN, DISTRIBUCIÓN, ETC.
Lugar de publicación, distribución, etc. Buenos Aires
Nombre del editor, distribuidor, etc. Paidós
Fecha de publicación, distribución, etc. 1969
300 ## - DESCRIPCIÓN FÍSICA
Extensión 117 p.
Otros detalles físicos tablas
490 #0 - MENCIÓN DE SERIE
Mención de serie Biblioteca del educador contemporáneo
Designación de volumen o secuencia v. 10
504 ## - NOTA DE BIBLIOGRAFÍA, ETC.
Nota de bibliografía, etc. Nota Bibliografía: p. 115-117
650 #4 - PUNTO DE ACCESO ADICIONAL DE MATERIA--TÉRMINO DE MATERIA
Término de materia o nombre geográfico como elemento de entrada EDUCACION DEL NIÑO
650 #4 - PUNTO DE ACCESO ADICIONAL DE MATERIA--TÉRMINO DE MATERIA
Término de materia o nombre geográfico como elemento de entrada NIÑOS DE EDAD PREESCOLAR
650 #4 - PUNTO DE ACCESO ADICIONAL DE MATERIA--TÉRMINO DE MATERIA
Término de materia o nombre geográfico como elemento de entrada PRIMERA INFANCIA
650 #4 - PUNTO DE ACCESO ADICIONAL DE MATERIA--TÉRMINO DE MATERIA
Término de materia o nombre geográfico como elemento de entrada PSICOLOGIA DEL NIÑO
650 #4 - PUNTO DE ACCESO ADICIONAL DE MATERIA--TÉRMINO DE MATERIA
Término de materia o nombre geográfico como elemento de entrada DESARROLLO DEL NIÑO
650 #4 - PUNTO DE ACCESO ADICIONAL DE MATERIA--TÉRMINO DE MATERIA
Término de materia o nombre geográfico como elemento de entrada DESARROLLO DEL LENGUAJE
650 #4 - PUNTO DE ACCESO ADICIONAL DE MATERIA--TÉRMINO DE MATERIA
Término de materia o nombre geográfico como elemento de entrada MEMORIZACION
650 #4 - PUNTO DE ACCESO ADICIONAL DE MATERIA--TÉRMINO DE MATERIA
Término de materia o nombre geográfico como elemento de entrada ENURESIA
653 ## - TÉRMINO DE INDIZACIÓN--NO CONTROLADO
Término no controlado PROCESO DE ENSEÑANZA-APRENDIZAJE
700 1# - ENTRADA AGREGADA--NOMBRE PERSONAL
Nombre de persona Hilgard, Josephine R.
700 1# - ENTRADA AGREGADA--NOMBRE PERSONAL
Nombre de persona McGraw, Myrtle
700 1# - ENTRADA AGREGADA--NOMBRE PERSONAL
Nombre de persona Gates, Arthur I.
700 1# - ENTRADA AGREGADA--NOMBRE PERSONAL
Nombre de persona Taylor, G.A.
700 1# - ENTRADA AGREGADA--NOMBRE PERSONAL
Nombre de persona Jersild, Arthur T.
700 1# - ENTRADA AGREGADA--NOMBRE PERSONAL
Nombre de persona Jastrow, Joseph
700 1# - ENTRADA AGREGADA--NOMBRE PERSONAL
Nombre de persona Friedenthal, Hebe
Término indicativo de función/relación traductor
800 1# - PUNTO DE ACCESO ADICIONAL DE SERIE--NOMBRE DE PERSONA
Nombre de persona Romero Brest, Gilda Lamarque de
Término indicativo de función/relación director
800 1# - PUNTO DE ACCESO ADICIONAL DE SERIE--NOMBRE DE PERSONA
Nombre de persona Bernstein, Jaime
Término indicativo de función/relación director
942 ## - ELEMENTOS DE ENTRADA SECUNDARIOS (KOHA)
Tipo de ítem Koha Libros
998 ## - INFORMACIÓN DE CONTROL LOCAL (RLIN)
Iniciales del catalogador, CIN (RLIN) silvi
Holdings
Estatus retirado Estado de pérdida Fuente de la clasificación o esquema de estantería Estado de daño Restricciones de uso No para préstamo Biblioteca de origen Biblioteca actual Fecha de adquisición Total de préstamos Signatura topográfica completa Código de barras Visto por última vez Precio de reemplazo Tipo de ítem Koha
    Clasificación Decimal Dewey   Acceso restringido No para préstamo Liberty Liberty 28/11/2025   37.04 HIL 049165 28/11/2025 28/11/2025 Libros